• 首页
  • 本馆介绍
  • 公告通知
  • 最新文献
  • 馆藏检索
  • 电子资源
  • 读者导购
  • 参考咨询
  • 我的图书馆
  • 登录
  • 详细信息显示
  • 放入我的书架
  • 预约/预借图书
  • 作者相关作品
  • 分类相关作品
  • 丛书相关作品
  • 出版社相关作品

书目信息

  • 表格格式
  • 工作单格式
  • 卡片格式
题名:
你一定爱读的中国战争史
    
 
作者: 陈峰韬 著
分册: 9   隋朝
出版信息: 北京   民主与建设出版社  2021
页数: 325页
开本: 23cm
丛书名:
单 册:
中图分类: E291-49 , E291
科图分类:
主题词: 战争史--中国--隋代--通俗读物
电子资源:
ISBN: 978-7-5139-3629-3
000 00669nam0 2200229 450
001 2333574673
005 20231129092009.06
010    @a978-7-5139-3629-3@dCNY99.80
100    @a20211008d2021 em y0chiy50 ea
101 0  @achi
102    @aCN@b110000
105    @ay z 000yy
200 1  @a你一定爱读的中国战争史@Ani yi ding ai du de zhong guo zhan zheng shi@h9@i隋朝@f陈峰韬著
210    @a北京@c民主与建设出版社@d2021
215    @a325页@d23cm
517 1  @a隋朝@Asui chao
606 0  @a战争史@y中国@z隋代@j通俗读物
690    @aE291-49@v5
690    @aE291@v4
701  0 @a陈峰韬@Achen feng tao@4著
801  0 @aCN@b91MARC@c20211015
905    @aZUCC@dE291@e19:9
    
    你一定爱读的中国战争史.9.隋朝/陈峰韬著.-北京:民主与建设出版社,2021
    325页;23cm
    
    
    ISBN 978-7-5139-3629-3:CNY99.80
    
●
相关链接 在五车中查询图书 在当当中查询图书 在豆瓣中查询图书


正题名:你一定爱读的中国战争史     索取号:E291/19:9         预约/预借

序号 登录号 条形码 馆藏地/架位号 状态 备注
1 2001058785   2001058785   辽宁一、悦读混合/辽宁北配(第三批)/辽批227/ [索取号:E291/19:9] 在馆    
2 2001058786   2001058786   辽宁一、悦读混合/辽宁北配(第三批)/辽批227/ [索取号:E291/19:9] 在馆    
3 2001058787   2001058787   辽宁一、悦读混合/辽宁北配(第三批)/辽批227/ [索取号:E291/19:9] 在馆    
4 2001058788   2001058788   辽宁一、悦读混合/辽宁北配(第三批)/辽批227/ [索取号:E291/19:9] 在馆    
5 2001058789   2001058789   辽宁一、悦读混合/辽宁北配(第三批)/辽批227/ [索取号:E291/19:9] 在馆    
6 2001058790   2001058790   辽宁一、悦读混合/辽宁北配(第三批)/辽批227/ [索取号:E291/19:9] 在馆    
山东省滨州职业学院图书馆 欢迎您!
大连网信软件有限公司© 版权所有